000 00361nam a22000977a 4500
008 150914b xxu||||| |||| 00| 0 eng d
100 _aSollors, Kuno
245 _aArchivierung - Katalogierung Deutscher Nichtpostalischer Marken
_bAbschnitt: Flugwesen
260 _aCoburg, Germany
_bH.H. Welder
_c1971
500 _3Catalog of German non-postal stamps - "Flight-related"
999 _c1716
_d1716